000 00797nam a2200337Ia 4500
001 51242
005 20240114005220.0
007 ta
008 090617s g b000 u Eng u
040 _aCotton College,Assam
041 _aEng
082 _a070
_bRAN
100 _aRangaswami, C. Swaminatha .
245 0 _aIndian Finance /
_cC. Swaminatha Rangaswami.
_hTextual Documents
250 _a1st ed. /
260 _aSl :
_bSn ,
_cNd.
300 _a2000p. ;
_c32 cm..
653 _aBV-Economics
653 _aJournal
942 _2ddc
_cBK
999 _c51207
_d51207